| 000 | 01418nam a22004090a 4500 | ||
|---|---|---|---|
| 001 | PT26477 | ||
| 003 | AR-LpoUNG | ||
| 005 | 20210131233302.0 | ||
| 008 | 191001s2005||||ag |||||||||||||||||spa d | ||
| 020 |
_a9871172087 _c$7,5 |
||
| 040 |
_aAR-LpoUNG _bspa _cAR-LpoUNG _eaacr |
||
| 041 | _aspa | ||
| 044 | _aag | ||
| 082 | 0 | _a982.063 42gol | |
| 100 | 1 | _aOllier, María Matilde | |
| 245 | 1 | 0 |
_aGolpe o revolución : _bla violencia legitimada, Argentina : 1966 / 1973 |
| 250 | _a1ra ed. | ||
| 260 |
_aBuenos Aires : _bEduntref, _c2005. |
||
| 300 |
_a349 p. : _bil., mapas |
||
| 520 | _a<p>Investigación y reflexión que contribuye a la comprensión de la violencia política que asoló a la Argentina hace tres décadas, porque instala la lógica de los grupos armados en el interior de la dinámica política argentina y permite pensar de una manera desprejuiciada el fenómeno guerrillero, lo que exige situarlo dentro de la historia y de la cultura política de entonces.</p> | ||
| 650 | 4 | _aANALISIS HISTORICO | |
| 650 | 4 | _aARGENTINA | |
| 650 | 4 | _aDEMOCRACIA | |
| 650 | 4 | _aDICTADURA | |
| 650 | 4 | _aFUERZAS ARMADAS | |
| 650 | 4 | _aHISTORIA POLITICA | |
| 650 | 4 | _aPODER POLITICO | |
| 650 | 4 | _aREVOLUCION | |
| 650 | 4 | _aSOCIALISMO | |
| 650 | 4 | _aSOCIEDAD | |
| 650 | 4 | _aVIOLENCIA | |
| 651 | 4 | _aArgentina | |
| 653 | _aGUERRILLEROS | ||
| 653 | _aPERONISMO | ||
| 905 | _a26477 | ||
| 942 | _cLIB | ||
| 999 |
_c19892 _d19892 |
||